000 00635nam a2200169 a 4500
001 000031960
005 20240229073949.0
008 110707q1980 dr 000 | spa d
040 _aDO-SdBNP
_bspa
_cBNPHU
082 _axxx
_bL296p
100 1 _aLantigua, José Rafael,
_d1949-
_91438
245 1 0 _aPor la juventud /
_cJosé Rafael Lantigua.
260 _a[Moca, República Dominicana] :
_b[s.n.],
_c[1980].
300 _a14 p. ;
_c21 cm.
500 _aDiscurso pronunciado por el Lic. José Rafael Lantigua en el acto donde fueron honrados con el premio "Presencia mocana" 12 distinguidos ciudadanos nativos de Moca.
049 _aBNPD
999 _c31451
_d31451